000 00278nam a2200109Ia 4500
008 200302s9999 xx 000 0 und d
100 _aJim Sanderson & Other
245 _aLandscape Ecology A Top - Down Approach
260 _bLewis Publishers
260 _c2000
300 _a246 P.,
999 _c5473
_d5473